000 00913cab a2200313 4500
001 WB3314-40
008 090401t1997 xxu||||| |||| 00| 0 eng d
035 _a(Sirsi) u77664
041 _aeng
245 _aGolden postcodes
260 _c1997
350 _a0
490 _aSunday Times
_v6 April 1997, 4.1&5(2)
520 _aLooks at how the shortage of houses in some areas are driving prices way beyond their valuation price. Lists the top 10 `golden postcodes` for fast property sales.
650 _aALTON
650 _aCAMBRIDGE
650 _aCHELMSFORD
650 _aGAZUMPING
650 _aHAMPSHIRE
650 _aHOUSE PRICES
650 _aHOUSING MARKET
650 _aPROPERTY TRANSACTIONS
650 _aSPECULATORS
650 _aSUPPLY AND DEMAND
650 _aTIME
690 _aPROPERTY-RESIDENTIAL PROPERTY-RESIDENTIAL PROPERTY MARKET
942 _n0
948 _c08/04/1997
999 _c48816
_d48816